Bemutató előtt a Kamaraszínházban
Elmentve itt :
| Szerző: | |
|---|---|
| Dokumentumtípus: | Cikk |
| Megjelent: |
1964-12-02
|
| Sorozat: | Délmagyarország
54 No. 282 |
| Kulcsszavak: | Kamaraszínház, Színházi élet Szeged 1964, 1964 |
| Online Access: | http://dmarchiv.bibl.u-szeged.hu/74946 |
| LEADER | 00490nab a2200157 i 4500 | ||
|---|---|---|---|
| 001 | delm74946 | ||
| 005 | 20180928082627.0 | ||
| 008 | 180928s1964 hu o 0|| hun d | ||
| 040 | |a SZTE Délmagyarország Archívum |b hun | ||
| 041 | |a hun | ||
| 100 | 1 | |a Nagy Katalin | |
| 245 | 1 | 0 | |a Bemutató előtt a Kamaraszínházban |h [elektronikus dokumentum] / |c Nagy Katalin |
| 260 | |c 1964-12-02 | ||
| 300 | |a 5 | ||
| 490 | 0 | |a Délmagyarország |v 54 No. 282 | |
| 695 | |a Kamaraszínház, Színházi élet Szeged 1964, 1964 | ||